| 000 | 00852nam a22002177a 4500 | ||
|---|---|---|---|
| 999 |
_c695 _d695 |
||
| 003 | AR-CdUCM | ||
| 008 | 190225b ||||| |||| 00| 0 spa d | ||
| 040 |
_aMUNICIPALIDAD PROVINCIAL DEL CUSCO _cBIBLIOTECA MUNICIPAL DEL CUSCO |
||
| 082 |
_24ed. _a804.08 / _bD68 |
||
| 100 |
_aDíaz Plaja, Guillermo _92681 |
||
| 245 |
_aIntroducción al estudio del romanticismo Español / _cGuillermo Díaz Plaja |
||
| 260 |
_aMadrid : _bEspasa Calpe, _c1972. |
||
| 300 |
_a204 paginas ; _c17 cm. |
||
| 505 | _aLimites del tiempo -- Teoría y técnica -- Temática del romanticismo Español -- Valoración de la circunstancia -- El medievalismo romántico ... | ||
| 650 |
_aRomanticismo _9518 |
||
| 650 |
_aIdeales románticos _92682 |
||
| 650 |
_aTeoría y técnicas _92683 |
||
| 650 |
_aFenómeno romántico _92684 |
||
| 942 |
_2ddc _cLIBROS |
||
| 945 |
_aacv _d2019-02-25 |
||